00845 2200253 4500001002100000005001500021035002000036007000300056008004100059040002200100082001500122084001700137090002000154245012500174300002400299650002300323850001200346264010200358336002100460337003000481338002300511100003700534990002000571INLIS00000000086370320210816092046 a0010-0821000402ta210812s2018 yoi af ind d aYOPDYOGbinderda04223a028.55 a028.55 VIK b aBR 028.55 VIK b00aBuku cerita braille :bsi cerdik Labedu /cpenyusun, Vika Maulid Rosdiyanti, Meilani Reftiana Sari, Tyas Widya Saraswati a49 halaman ;c30 cm 4aBacaan kanak-kanak aYOPDYOG31aYogyakarta :bPendidikan Luar Biasa Fakultas Ilmu Pendidikan Universitas Negeri Yogyakarta,c2018 2rdacontentateks 2rdamediaatanpa perantara 2rdacarrieravolume0 aVika Maulid Rosdiyantiepenyusun a67619-PD/A.2021